Central Library OPAC University of Rajshahi

Population and development : (Record no. 33998)

MARC details
000 -LEADER
fixed length control field 00985nam a22002894a 4500
001 - CONTROL NUMBER
control field 33998
003 - CONTROL NUMBER IDENTIFIER
rucl marc code BD-RjUL
005 - DATE AND TIME OF LATEST TRANSACTION
control field 20211209052106.0
008 - FIXED-LENGTH DATA ELEMENTS--GENERAL INFORMATION
fixed length control field 140512s1994 dcua b 001 0 eng
020 ## - INTERNATIONAL STANDARD BOOK NUMBER
International Standard Book Number 1560001658 :
International Standard Book Number 1560007400 (pbk.) :
035 ## - SYSTEM CONTROL NUMBER
System control number (BD-RjUL)34091
040 ## - CATALOGING SOURCE
Original cataloging agency DLC
Transcribing agency DLC
Modifying agency DLC
-- BD-RjUL
Language of cataloging eng
041 ## - LANGUAGE CODE
Language code of text/sound track or separate title eng
082 00 - DEWEY DECIMAL CLASSIFICATION NUMBER
Classification number 304.6091726
Edition number 20
Author mark and year POP 1994
245 00 - TITLE STATEMENT
Title Population and development :
Remainder of title old debates, new conclusions /
Statement of responsibility, etc. Robert Cassen ... [et al.].
260 ## - PUBLICATION, DISTRIBUTION, ETC. (IMPRINT)
Place of publication, distribution, etc. New Brunswick :
Name of publisher, distributor, etc. Transaction Publishers,
Date of publication, distribution, etc. c1994.
300 ## - PHYSICAL DESCRIPTION
Pagination x, 282 p. ;
Size 24 cm.
504 ## - BIBLIOGRAPHY, ETC. NOTE
Bibliography, etc Includes bibliographical references and index.
650 #0 - SUBJECT ADDED ENTRY--TOPICAL TERM
Topical term or geographic name as entry element Population
General subdivision Economic aspects.
9 (RLIN) 103037
651 #0 - SUBJECT ADDED ENTRY--GEOGRAPHIC NAME
Geographic name Developing countries
General subdivision Population
-- Economic aspects.
9 (RLIN) 103329
700 1# - ADDED ENTRY--PERSONAL NAME
Personal name Robert Cassen ... [et al.].
942 ## - ADDED ENTRY ELEMENTS (KOHA)
Source of classification or shelving scheme Dewey Decimal Classification
Koha item type Books
Holdings
Lost status Source of classification or shelving scheme Damaged status Not for loan Collection code Permanent Location Current Location Shelving location Date acquired Source of acquisition Cost, normal purchase price Total Checkouts Full call number Date last seen Copy number Koha item type
  Dewey Decimal Classification   Not For Loan Non-fiction Central Library, University of Rajshahi Central Library, University of Rajshahi Reading Room 24/03/1998 Dept of social work 35.95   304.6091726 POP 1994 12/05/2014 C-1 Books